[Event "World Youth & Cadets Rapid Championships"]
[Site "Rhodes, Greece"]
[Date "2022.05.01"]
[Round "4.3"]
[White "Trushko, Andrii"]
[Black "Rakhmatullaev, Almas"]
[Result "0-1"]
[TimeControl "10'/game & 5\"/move"]
[WhiteElo "2065"]
[BlackElo "2050"]

1. d4 {[%clk 00:10:08]} {[%emt 00:06:15]} Nf6 {[%clk 00:09:46]} {[%emt
00:00:25]} 2. Bg5 {[%clk 00:10:11]} {[%emt 00:00:02]} d5 {[%clk 00:09:31]}
{[%emt 00:00:20]} 3. Bxf6 {[%clk 00:10:13]} {[%emt 00:00:03]} exf6 {[%clk
00:09:34]} {[%emt 00:00:02]} 4. e3 {[%clk 00:10:17]} c6 {[%clk 00:09:38]}
{[%emt 00:00:02]} 5. c4 {[%clk 00:10:21]} dxc4 {[%clk 00:09:41]} {[%emt
00:00:01]} 6. Bxc4 {[%clk 00:10:24]} {[%emt 00:00:02]} Nd7 {[%clk 00:09:44]}
{[%emt 00:00:02]} 7. Nc3 {[%clk 00:10:22]} {[%emt 00:00:06]} Nb6 {[%clk
00:09:48]} {[%emt 00:00:02]} 8. Bd3 {[%clk 00:10:25]} {[%emt 00:00:02]} Be6
{[%clk 00:09:49]} {[%emt 00:00:04]} 9. Qc2 {[%clk 00:10:25]} {[%emt 00:00:05]}
g6 {[%clk 00:08:40]} {[%emt 00:01:14]} 10. a3 {[%clk 00:10:19]} {[%emt
00:00:11]} Bg7 {[%clk 00:08:31]} {[%emt 00:00:13]} 11. Nge2 {[%clk 00:10:21]}
{[%emt 00:00:04]} O-O {[%clk 00:08:21]} {[%emt 00:00:15]} 12. h4 {[%clk
00:10:22]} {[%emt 00:00:05]} f5 {[%clk 00:07:52]} {[%emt 00:00:33]} 13. h5
{[%clk 00:10:13]} {[%emt 00:00:14]} c5 {[%clk 00:07:09]} {[%emt 00:00:48]} 14.
hxg6 {[%clk 00:10:02]} {[%emt 00:00:16]} hxg6 {[%clk 00:06:37]} {[%emt
00:00:37]} 15. dxc5 {[%clk 00:09:50]} {[%emt 00:00:18]} Nd7 {[%clk 00:06:40]}
{[%emt 00:00:01]} 16. b4 {[%clk 00:08:11]} {[%emt 00:01:44]} a5 {[%clk
00:06:12]} {[%emt 00:00:32]} 17. Rd1 {[%clk 00:08:11]} {[%emt 00:00:06]} axb4
{[%clk 00:06:01]} {[%emt 00:00:16]} 18. axb4 {[%clk 00:08:14]} {[%emt
00:00:02]} Ra3 {[%clk 00:05:57]} {[%emt 00:00:09]} 19. Bb5 {[%clk 00:07:57]}
{[%emt 00:00:23]} Bb3 {[%clk 00:05:04]} {[%emt 00:00:57]} 20. Qb2 {[%clk
00:08:00]} {[%emt 00:00:02]} Bxd1 {[%clk 00:05:00]} {[%emt 00:00:09]} 21. Qxa3
{[%clk 00:08:04]} {[%emt 00:00:01]} Bxe2 {[%clk 00:04:59]} {[%emt 00:00:06]} 22.
Kxe2 {[%clk 00:08:07]} {[%emt 00:00:02]} Ne5 {[%clk 00:04:35]} {[%emt
00:00:29]} 23. Qb3 {[%clk 00:07:57]} {[%emt 00:00:14]} Qg5 {[%clk 00:04:18]}
{[%emt 00:00:23]} 24. Nd5 {[%clk 00:07:44]} {[%emt 00:00:18]} Ra8 {[%clk
00:03:47]} {[%emt 00:00:35]} 25. Nf4 {[%clk 00:07:34]} {[%emt 00:00:15]} Nc6
{[%clk 00:02:42]} {[%emt 00:01:11]} 26. Bxc6 {[%clk 00:07:19]} {[%emt
00:00:20]} bxc6 {[%clk 00:02:45]} {[%emt 00:00:02]} 27. Rd1 {[%clk 00:07:20]}
{[%emt 00:00:05]} Be5 {[%clk 00:02:12]} {[%emt 00:00:37]} 28. Rd7 {[%clk
00:06:50]} {[%emt 00:00:35]} Rf8 {[%clk 00:02:15]} {[%emt 00:00:02]} 29. Nd3
{[%clk 00:06:23]} {[%emt 00:00:32]} Bg7 {[%clk 00:01:38]} {[%emt 00:00:41]} 30.
Kf1 {[%clk 00:06:16]} {[%emt 00:00:13]} Qh5 {[%clk 00:01:11]} {[%emt 00:00:31]}
31. Nf4 {[%clk 00:04:48]} {[%emt 00:01:34]} Qh1+ {[%clk 00:01:02]} {[%emt
00:00:14]} 32. Ke2 {[%clk 00:04:52]} {[%emt 00:00:01]} g5 {[%clk 00:01:06]}
{[%emt 00:00:01]} 33. Rd1 {[%clk 00:04:49]} {[%emt 00:00:08]} Qh2 {[%clk
00:00:52]} {[%emt 00:00:19]} 34. Ne6 {[%clk 00:03:37]} {[%emt 00:01:17]} Qh5+
{[%clk 00:00:17]} {[%emt 00:00:39]} 35. Ke1 {[%clk 00:03:40]} {[%emt 00:00:02]}
fxe6 {[%clk 00:00:16]} {[%emt 00:00:07]} 36. Qxe6+ {[%clk 00:03:44]} {[%emt
00:00:02]} Kh8 {[%clk 00:00:18]} {[%emt 00:00:02]} 37. Qxc6 {[%clk 00:03:38]}
{[%emt 00:00:11]} Bc3+ {[%clk 00:00:19]} {[%emt 00:00:03]} 38. Rd2 {[%clk
00:03:37]} {[%emt 00:00:07]} Bxd2+ {[%clk 00:00:22]} {[%emt 00:00:02]} 39. Kxd2
{[%clk 00:03:41]} {[%emt 00:00:01]} Rd8+ {[%clk 00:00:18]} {[%emt 00:00:09]} 40.
Kc3 {[%clk 00:03:44]} {[%emt 00:00:02]} Rf8 {[%clk 00:00:08]} {[%emt 00:00:15]}
41. b5 {[%clk 00:03:42]} {[%emt 00:00:08]} f4 {[%clk 00:00:08]} {[%emt
00:00:04]} 42. b6 {[%clk 00:03:35]} {[%emt 00:00:12]} fxe3 {[%clk 00:00:11]}
{[%emt 00:00:02]} 43. fxe3 {[%clk 00:03:39]} {[%emt 00:00:01]} Re8 {[%clk
00:00:08]} {[%emt 00:00:09]} 44. b7 {[%clk 00:03:08]} {[%emt 00:00:35]} g4
{[%clk 00:00:09]} {[%emt 00:00:04]} 45. e4 {[%clk 00:02:36]} {[%emt 00:00:37]}
Qe5+ {[%clk 00:00:12]} {[%emt 00:00:01]} 46. Kc4 {[%clk 00:02:38]} {[%emt
00:00:04]} Rd8 {[%clk 00:00:09]} {[%emt 00:00:08]} 47. Qd6 {[%clk 00:01:16]}
{[%emt 00:01:27]} Qxe4+ {[%clk 00:00:10]} {[%emt 00:00:05]} 48. Kc3 {[%clk
00:01:20]} Qe3+ {[%clk 00:00:08]} {[%emt 00:00:07]} 49. Kb4 {[%clk 00:01:20]}
{[%emt 00:00:04]} Qe4+ {[%clk 00:00:08]} {[%emt 00:00:05]} 50. Kc3 {[%clk
00:01:04]} {[%emt 00:00:21]} Qe8 {[%clk 00:00:08]} {[%emt 00:00:05]} 51. Qh6+
{[%clk 00:00:49]} {[%emt 00:00:20]} Kg8 {[%clk 00:00:13]} {[%emt 00:00:01]} 52.
Qg5+ {[%clk 00:00:51]} {[%emt 00:00:02]} Kf7 {[%clk 00:00:11]} {[%emt
00:00:06]} 53. Qf5+ {[%clk 00:00:28]} {[%emt 00:00:28]} Ke7 {[%clk 00:00:08]}
{[%emt 00:00:09]} 54. Qe4+ {[%clk 00:00:21]} {[%emt 00:00:12]} Kd7 {[%clk
00:00:07]} {[%emt 00:00:06]} 55. Qxg4+ {[%clk 00:00:14]} {[%emt 00:00:12]} Kc7
{[%clk 00:00:10]} {[%emt 00:00:03]} 56. Qg7+ {[%clk 00:00:12]} {[%emt
00:00:06]} Kb8 {[%clk 00:00:11]} {[%emt 00:00:04]} 57. Qg3+ {[%clk 00:00:07]}
{[%emt 00:00:10]} Kxb7 {[%clk 00:00:14]} {[%emt 00:00:02]} 58. Qg7+ {[%clk
00:00:11]} {[%emt 00:00:01]} Kc6 {[%clk 00:00:13]} {[%emt 00:00:05]} 59. Qf6+
{[%clk 00:00:15]} {[%emt 00:00:02]} Kxc5 {[%clk 00:00:14]} {[%emt 00:00:05]} 60.
Qf5+ {[%clk 00:00:19]} Kd6 {[%clk 00:00:16]} {[%emt 00:00:03]} 61. Qf6+ {[%clk
00:00:21]} {[%emt 00:00:02]} Kc7 {[%clk 00:00:21]} 62. Qf4+ {[%emt 00:00:08]}
Rd6 {[%clk 00:00:24]} 63. g4 {[%clk 00:00:23]} {[%emt 00:00:03]} Qc6+ {[%clk
00:00:26]} {[%emt 00:00:02]} 64. Kb4 {[%clk 00:00:26]} {[%emt 00:00:03]} Qd5
{[%clk 00:00:28]} {[%emt 00:00:03]} 65. Kc3 {[%clk 00:00:17]} {[%emt 00:00:13]}
Qd3+ {[%clk 00:00:30]} {[%emt 00:00:02]} 66. Kb4 {[%clk 00:00:19]} {[%emt
00:00:04]} Qd4+ {[%clk 00:00:33]} {[%emt 00:00:02]} 0-1

[Event "World Youth & Cadets Rapid Championships"]
[Site "Rhodes, Greece"]
[Date "2022.05.01"]
[Round "4.4"]
[White "Tobak, Mikhail"]
[Black "Tarhan, Adar"]
[Result "1-0"]
[TimeControl "10'/game & 5\"/move"]
[WhiteElo "2159"]
[BlackElo "1580"]

1. e4 {[%clk 00:10:07]} {[%emt 00:00:02]} c6 {[%clk 00:10:03]} {[%emt
00:00:08]} 2. d3 {[%clk 00:10:09]} {[%emt 00:00:03]} d5 {[%clk 00:10:06]}
{[%emt 00:00:02]} 3. Nd2 {[%clk 00:10:12]} e5 {[%clk 00:09:53]} {[%emt
00:00:18]} 4. Ngf3 {[%clk 00:10:16]} {[%emt 00:00:02]} Bd6 {[%clk 00:09:52]}
{[%emt 00:00:06]} 5. g3 {[%clk 00:09:45]} {[%emt 00:00:35]} Nf6 {[%clk
00:09:51]} {[%emt 00:00:06]} 6. Bg2 {[%emt 00:00:06]} O-O {[%clk 00:09:50]}
{[%emt 00:00:03]} 7. O-O {[%clk 00:09:50]} {[%emt 00:00:02]} Bg4 {[%clk
00:09:44]} {[%emt 00:00:11]} 8. h3 {[%clk 00:09:50]} {[%emt 00:00:05]} Bxf3
{[%clk 00:09:48]} {[%emt 00:00:02]} 9. Qxf3 {[%clk 00:09:44]} Nbd7 {[%clk
00:09:52]} {[%emt 00:00:12]} 10. Qd1 {[%clk 00:09:46]} {[%emt 00:00:03]} Re8
{[%clk 00:09:54]} {[%emt 00:00:03]} 11. Qe2 {[%clk 00:09:37]} {[%emt 00:00:12]}
Nf8 {[%clk 00:09:47]} {[%emt 00:00:13]} 12. b3 {[%clk 00:09:17]} {[%emt
00:00:26]} Ng6 {[%clk 00:09:42]} {[%emt 00:00:10]} 13. h4 {[%clk 00:09:16]}
{[%emt 00:00:06]} a5 {[%clk 00:09:28]} {[%emt 00:00:19]} 14. a3 {[%clk
00:09:16]} {[%emt 00:00:05]} Qc7 {[%clk 00:09:05]} {[%emt 00:00:28]} 15. Bb2
{[%clk 00:09:06]} {[%emt 00:00:15]} h6 {[%clk 00:09:00]} {[%emt 00:00:09]} 16.
Bh3 {[%clk 00:08:55]} {[%emt 00:00:16]} Rad8 {[%clk 00:09:01]} {[%emt
00:00:05]} 17. Nf3 {[%clk 00:08:57]} {[%emt 00:00:03]} b5 {[%clk 00:08:47]}
{[%emt 00:00:19]} 18. a4 {[%clk 00:08:56]} {[%emt 00:00:06]} b4 {[%clk
00:08:43]} {[%emt 00:00:09]} 19. Nd2 {[%clk 00:08:35]} {[%emt 00:00:25]} Bc5
{[%clk 00:08:41]} {[%emt 00:00:08]} 20. Kg2 {[%clk 00:08:32]} {[%emt 00:00:07]}
Qa7 {[%clk 00:08:03]} {[%emt 00:00:44]} 21. Rad1 {[%clk 00:08:19]} {[%emt
00:00:17]} Bd4 {[%clk 00:08:00]} {[%emt 00:00:09]} 22. Bc1 {[%clk 00:08:22]}
Qc5 {[%clk 00:07:24]} {[%emt 00:00:41]} 23. Nf3 {[%clk 00:08:14]} {[%emt
00:00:13]} Qc3 {[%clk 00:07:06]} {[%emt 00:00:24]} 24. h5 {[%clk 00:07:57]}
{[%emt 00:00:22]} Nf8 {[%clk 00:06:41]} {[%emt 00:00:30]} 25. Nxd4 {[%clk
00:07:19]} {[%emt 00:00:43]} exd4 {[%clk 00:06:40]} {[%emt 00:00:06]} 26. e5
{[%clk 00:07:15]} {[%emt 00:00:10]} N6d7 {[%clk 00:06:44]} 27. f4 {[%clk
00:07:10]} {[%emt 00:00:10]} c5 {[%clk 00:06:20]} {[%emt 00:00:29]} 28. Bf5
{[%clk 00:06:02]} Nb6 {[%clk 00:05:15]} {[%emt 00:02:23]} 29. Rf3 {[%clk
00:05:25]} Qa1 {[%clk 00:04:17]} {[%emt 00:01:45]} 30. Rh1 {[%clk 00:03:53]} c4
{[%clk 00:04:09]} {[%emt 00:01:50]} 31. g4 {[%clk 00:03:34]} Qa2 {[%clk
00:03:57]} {[%emt 00:00:41]} 32. Qf2 {[%clk 00:01:57]} cxb3 {[%clk 00:03:57]}
{[%emt 00:01:48]} 33. cxb3 {[%clk 00:02:01]} Qxb3 {[%clk 00:04:00]} {[%emt
00:00:02]} 34. g5 {[%clk 00:01:59]} hxg5 {[%clk 00:03:15]} {[%emt 00:00:57]} 35.
Rg3 {[%clk 00:01:46]} Rc8 {[%clk 00:03:04]} {[%emt 00:00:35]} 36. Bxc8 {[%clk
00:01:42]} {[%emt 00:00:08]} Rxc8 {[%clk 00:03:08]} 37. Kh3 {[%clk 00:00:46]}
{[%emt 00:01:00]} Rc2 {[%clk 00:03:01]} {[%emt 00:00:13]} 38. Qf3 {[%clk
00:00:50]} {[%emt 00:00:01]} Qc3 {[%clk 00:03:02]} {[%emt 00:00:04]} 39. Rgg1
{[%clk 00:00:42]} {[%emt 00:00:12]} Nxa4 {[%clk 00:02:44]} {[%emt 00:00:24]} 40.
fxg5 {[%clk 00:00:15]} {[%emt 00:00:32]} Nc5 {[%clk 00:02:39]} {[%emt
00:00:10]} 41. g6 {[%clk 00:00:11]} {[%emt 00:00:09]} Qxd3 {[%clk 00:02:32]}
{[%emt 00:00:12]} 42. gxf7+ {[%clk 00:00:15]} Kh7 {[%clk 00:02:35]} {[%emt
00:00:02]} 43. Qxd3+ {[%clk 00:00:10]} {[%emt 00:00:10]} Nxd3 {[%clk 00:02:39]}
44. Bg5 {[%clk 00:00:13]} {[%emt 00:00:01]} Nf2+ {[%clk 00:02:34]} {[%emt
00:00:11]} 45. Kg3 {[%clk 00:00:15]} {[%emt 00:00:03]} Ne4+ {[%clk 00:02:22]}
{[%emt 00:00:17]} 46. Kh4 {[%clk 00:00:15]} {[%emt 00:00:05]} Nxg5 {[%clk
00:02:18]} {[%emt 00:00:10]} 47. Rxg5 {[%clk 00:00:19]} b3 {[%clk 00:02:14]}
{[%emt 00:00:09]} 48. Rhg1 {[%clk 00:00:23]} g6 {[%clk 00:02:09]} {[%emt
00:00:10]} 49. hxg6+ {[%clk 00:00:24]} {[%emt 00:00:03]} Kg7 {[%clk 00:02:13]}
{[%emt 00:00:01]} 50. Rh1 {[%clk 00:00:12]} {[%emt 00:00:18]} b2 {[%clk
00:01:58]} {[%emt 00:00:20]} 51. Kg3 {[%clk 00:00:16]} Nxg6 {[%clk 00:01:12]}
{[%emt 00:00:51]} 52. Rxg6+ {[%clk 00:00:19]} {[%emt 00:00:02]} Kxf7 {[%clk
00:01:16]} 53. Rb6 {[%clk 00:00:20]} {[%emt 00:00:05]} a4 {[%clk 00:00:30]}
{[%emt 00:00:52]} 54. Rh7+ {[%clk 00:00:22]} {[%emt 00:00:02]} Kg8 {[%clk
00:00:34]} 55. Ra7 {[%clk 00:00:20]} {[%emt 00:00:07]} Rc3+ {[%clk 00:00:34]}
{[%emt 00:00:05]} 56. Kf4 {[%clk 00:00:23]} {[%emt 00:00:01]} Rb3 {[%clk
00:00:39]} {[%emt 00:00:01]} 57. Rg6+ {[%clk 00:00:23]} {[%emt 00:00:05]} Kf8
{[%clk 00:00:40]} {[%emt 00:00:04]} 58. Rf6+ {[%clk 00:00:23]} {[%emt
00:00:05]} Ke8 {[%clk 00:00:45]} 59. Rh6 {[%clk 00:00:26]} {[%emt 00:00:02]}
b1=Q {[%emt 00:00:31]} 60. Rh8# {[%clk 00:00:29]} 1-0

[Event "World Youth & Cadets Rapid Championships"]
[Site "Rhodes, Greece"]
[Date "2022.05.01"]
[Round "4.5"]
[White "Klugstedt, Vincent"]
[Black "Ince, Taylan Ruzgar"]
[Result "1/2-1/2"]
[TimeControl "10'/game & 5\"/move"]
[WhiteElo "1811"]
[BlackElo "2018"]

1. d4 {[%clk 00:10:07]} {[%emt 00:00:03]} Nf6 {[%clk 00:10:08]} {[%emt
00:00:02]} 2. Nf3 {[%clk 00:10:07]} {[%emt 00:00:05]} g6 {[%clk 00:10:12]} 3.
c4 {[%clk 00:10:07]} {[%emt 00:00:05]} Bg7 {[%clk 00:10:16]} {[%emt 00:00:01]}
4. Nc3 {[%clk 00:10:11]} {[%emt 00:00:02]} d5 {[%clk 00:10:20]} {[%emt
00:00:01]} 5. e3 {[%clk 00:09:34]} {[%emt 00:00:42]} O-O {[%clk 00:10:20]}
{[%emt 00:00:04]} 6. cxd5 {[%clk 00:09:30]} {[%emt 00:00:10]} Nxd5 {[%clk
00:10:23]} {[%emt 00:00:02]} 7. Bc4 {[%clk 00:09:34]} Nb6 {[%clk 00:09:46]}
{[%emt 00:00:42]} 8. Bb3 {[%clk 00:09:30]} {[%emt 00:00:09]} c5 {[%clk
00:09:36]} {[%emt 00:00:14]} 9. dxc5 {[%clk 00:09:03]} {[%emt 00:00:33]} Qxd1+
{[%clk 00:09:37]} {[%emt 00:00:04]} 10. Nxd1 {[%clk 00:09:03]} {[%emt
00:00:05]} N6d7 {[%clk 00:09:40]} {[%emt 00:00:02]} 11. Bd2 {[%clk 00:08:30]}
{[%emt 00:00:38]} Nxc5 {[%clk 00:09:44]} {[%emt 00:00:01]} 12. Bc4 {[%clk
00:08:14]} {[%emt 00:00:20]} Nc6 {[%clk 00:09:20]} {[%emt 00:00:30]} 13. Bc3
{[%clk 00:08:10]} {[%emt 00:00:09]} Be6 {[%clk 00:08:59]} {[%emt 00:00:26]} 14.
Bxe6 {[%clk 00:07:56]} {[%emt 00:00:19]} Nxe6 {[%clk 00:09:02]} {[%emt
00:00:01]} 15. Bxg7 {[%clk 00:07:53]} {[%emt 00:00:09]} Kxg7 {[%clk 00:09:06]}
16. Nc3 {[%clk 00:07:55]} {[%emt 00:00:03]} Rfd8 {[%clk 00:08:54]} {[%emt
00:00:16]} 17. Ke2 {[%clk 00:07:55]} {[%emt 00:00:05]} Nc5 {[%clk 00:07:51]}
{[%emt 00:01:08]} 18. Rhd1 {[%clk 00:07:50]} {[%emt 00:00:10]} Kf8 {[%clk
00:07:12]} {[%emt 00:00:44]} 19. Ng5 {[%clk 00:07:31]} {[%emt 00:00:24]} f6
{[%clk 00:06:28]} {[%emt 00:00:49]} 20. Rxd8+ {[%clk 00:06:17]} {[%emt
00:01:20]} Rxd8 {[%clk 00:06:30]} {[%emt 00:00:03]} 21. Nce4 {[%clk 00:06:18]}
{[%emt 00:00:04]} Nxe4 {[%clk 00:06:03]} {[%emt 00:00:31]} 22. Nxe4 {[%clk
00:06:13]} {[%emt 00:00:11]} Rc8 {[%clk 00:05:54]} {[%emt 00:00:13]} 23. Rc1
{[%clk 00:05:46]} {[%emt 00:00:33]} Nd4+ {[%clk 00:05:39]} {[%emt 00:00:20]} 24.
Kd2 {[%clk 00:05:49]} Rxc1 {[%clk 00:05:43]} {[%emt 00:00:02]} 25. Kxc1 {[%clk
00:10:05]} {[%emt 00:00:13]} 1/2-1/2

[Event "World Youth & Cadets Rapid Championships"]
[Site "Rhodes, Greece"]
[Date "2022.05.01"]
[Round "4.6"]
[White "Kovalskyi, Roman"]
[Black "Chyzy, Jakub"]
[Result "0-1"]
[TimeControl "10'/game & 5\"/move"]
[WhiteElo "1897"]
[BlackElo "1951"]

1. e4 {[%clk 00:10:09]} Nf6 {[%clk 00:10:09]} {[%emt 00:00:01]} 2. e5 {[%clk
00:10:13]} {[%emt 00:00:01]} Nd5 {[%clk 00:10:13]} 3. Nc3 {[%clk 00:10:17]}
Nxc3 {[%clk 00:10:16]} {[%emt 00:00:03]} 4. dxc3 {[%clk 00:10:21]} {[%emt
00:00:02]} d6 {[%clk 00:10:19]} {[%emt 00:00:01]} 5. Nf3 {[%clk 00:10:18]}
{[%emt 00:00:07]} Bg4 {[%clk 00:09:48]} {[%emt 00:00:34]} 6. Bb5+ {[%clk
00:10:16]} {[%emt 00:00:09]} c6 {[%clk 00:09:35]} {[%emt 00:00:18]} 7. Be2
{[%clk 00:10:20]} {[%emt 00:00:01]} Bxf3 {[%clk 00:09:03]} {[%emt 00:00:37]} 8.
Bxf3 {[%clk 00:10:22]} {[%emt 00:00:03]} dxe5 {[%clk 00:09:06]} {[%emt
00:00:03]} 9. Qxd8+ {[%clk 00:10:00]} {[%emt 00:00:27]} Kxd8 {[%clk 00:09:09]}
10. Be3 {[%clk 00:10:00]} {[%emt 00:00:06]} Kc7 {[%clk 00:08:54]} {[%emt
00:00:20]} 11. O-O-O {[%clk 00:10:00]} {[%emt 00:00:04]} e6 {[%clk 00:08:37]}
{[%emt 00:00:24]} 12. Rhe1 {[%clk 00:09:15]} {[%emt 00:00:49]} Be7 {[%clk
00:08:06]} {[%emt 00:00:36]} 13. Bd2 {[%clk 00:08:37]} {[%emt 00:00:43]} Nd7
{[%clk 00:06:48]} {[%emt 00:01:23]} 14. c4 {[%clk 00:08:41]} {[%emt 00:00:01]}
Rhd8 {[%clk 00:05:59]} {[%emt 00:00:55]} 15. Bc3 {[%clk 00:08:38]} {[%emt
00:00:07]} f6 {[%clk 00:05:06]} {[%emt 00:00:58]} 16. Ba5+ {[%clk 00:06:25]}
{[%emt 00:02:18]} b6 {[%clk 00:05:01]} {[%emt 00:00:11]} 17. Bc3 {[%clk
00:06:29]} {[%emt 00:00:01]} Bc5 {[%clk 00:03:32]} {[%emt 00:01:33]} 18. Re2
{[%clk 00:05:51]} {[%emt 00:00:44]} Nf8 {[%clk 00:03:26]} {[%emt 00:00:11]} 19.
Rxd8 {[%clk 00:04:32]} {[%emt 00:01:23]} Rxd8 {[%clk 00:03:29]} {[%emt
00:00:02]} 20. b4 {[%clk 00:04:36]} {[%emt 00:00:01]} Bd4 {[%clk 00:02:00]}
{[%emt 00:01:34]} 21. Bd2 {[%clk 00:04:39]} {[%emt 00:00:02]} f5 {[%clk
00:02:01]} {[%emt 00:00:04]} 22. c3 {[%clk 00:02:35]} {[%emt 00:02:09]} e4
{[%clk 00:02:02]} {[%emt 00:00:04]} 23. Bxe4 {[%clk 00:02:39]} fxe4 {[%clk
00:01:32]} {[%emt 00:00:35]} 24. cxd4 {[%clk 00:02:43]} {[%emt 00:00:02]} Rxd4
{[%clk 00:01:36]} 25. Bf4+ {[%clk 00:02:47]} Kb7 {[%clk 00:01:04]} {[%emt
00:00:37]} 26. Rc2 {[%clk 00:02:51]} {[%emt 00:00:02]} Ng6 {[%clk 00:01:00]}
{[%emt 00:00:08]} 27. Be3 {[%clk 00:02:55]} {[%emt 00:00:01]} Rd7 {[%clk
00:00:55]} {[%emt 00:00:10]} 28. Rd2 {[%clk 00:02:53]} {[%emt 00:00:07]} Kc7
{[%emt 00:00:43]} 29. Rxd7+ {[%clk 00:02:25]} {[%emt 00:00:31]} Kxd7 {[%emt
00:00:02]} 30. Kc2 Ne5 {[%clk 00:00:16]} {[%emt 00:00:12]} 31. Kc3 {[%clk
00:02:32]} {[%emt 00:00:02]} Ng4 {[%clk 00:00:20]} {[%emt 00:00:02]} 32. Kd4
{[%clk 00:01:52]} {[%emt 00:00:45]} Nxh2 {[%clk 00:00:23]} 33. Kxe4 {[%clk
00:01:54]} {[%emt 00:00:03]} Ng4 {[%clk 00:00:27]} {[%emt 00:00:01]} 34. Bd4
{[%clk 00:01:49]} {[%emt 00:00:10]} e5 {[%clk 00:00:30]} {[%emt 00:00:02]} 35.
Bxe5 {[%clk 00:01:51]} {[%emt 00:00:03]} Nxf2+ {[%clk 00:00:33]} {[%emt
00:00:01]} 36. Kf3 {[%clk 00:01:33]} {[%emt 00:00:21]} Nd3 {[%clk 00:00:37]}
{[%emt 00:00:04]} 37. Bc3 {[%clk 00:01:18]} {[%emt 00:00:20]} g5 {[%clk
00:00:16]} {[%emt 00:00:26]} 38. g3 {[%clk 00:00:45]} {[%emt 00:00:38]} Ke6
{[%clk 00:00:10]} {[%emt 00:00:12]} 39. Ke4 {[%clk 00:00:13]} {[%emt 00:00:36]}
Nf2+ {[%clk 00:00:13]} {[%emt 00:00:02]} 40. Kf3 {[%clk 00:00:15]} {[%emt
00:00:03]} Nd3 {[%clk 00:00:16]} {[%emt 00:00:20]} 41. Ke4 {[%clk 00:00:21]}
{[%emt 00:00:01]} Nc1 {[%clk 00:00:17]} {[%emt 00:00:05]} 42. a4 {[%clk
00:00:15]} {[%emt 00:00:11]} a6 {[%clk 00:00:10]} {[%emt 00:00:13]} 43. Bd2
{[%clk 00:00:11]} {[%emt 00:00:07]} Nb3 {[%clk 00:00:07]} {[%emt 00:00:08]} 44.
Bxg5 {[%clk 00:00:14]} {[%emt 00:00:03]} b5 {[%clk 00:00:07]} {[%emt 00:00:05]}
45. cxb5 {[%clk 00:00:16]} {[%emt 00:00:02]} cxb5 {[%clk 00:00:11]} {[%emt
00:00:02]} 46. axb5 {[%clk 00:00:18]} {[%emt 00:00:03]} axb5 {[%clk 00:00:13]}
{[%emt 00:00:02]} 47. Be3 {[%clk 00:00:10]} {[%emt 00:00:13]} h5 {[%clk
00:00:10]} {[%emt 00:00:08]} 48. Kd3 {[%clk 00:00:07]} {[%emt 00:00:09]} Kd5
{[%clk 00:00:08]} {[%emt 00:00:07]} 49. Kc3 {[%clk 00:00:08]} {[%emt 00:00:03]}
Ke4 {[%clk 00:00:13]} {[%emt 00:00:01]} 50. Bf4 {[%clk 00:00:07]} {[%emt
00:00:06]} Nd4 {[%clk 00:00:16]} {[%emt 00:00:02]} 51. Bc7 {[%clk 00:00:07]}
{[%emt 00:00:04]} Nf5 {[%clk 00:00:14]} {[%emt 00:00:07]} 52. Bb8 {[%clk
00:00:07]} {[%emt 00:00:05]} Kf3 {[%clk 00:00:13]} {[%emt 00:00:06]} 53. Kd3
{[%clk 00:00:11]} Nxg3 {[%clk 00:00:17]} {[%emt 00:00:01]} 54. Kd4 {[%clk
00:00:14]} h4 {[%clk 00:00:21]} {[%emt 00:00:02]} 55. Kc5 {[%clk 00:00:15]}
{[%emt 00:00:05]} h3 {[%clk 00:00:25]} 56. Kxb5 {[%clk 00:00:18]} {[%emt
00:00:01]} h2 {[%clk 00:00:29]} 57. Ka6 {[%clk 00:00:23]} {[%emt 00:00:01]}
h1=Q {[%clk 00:00:32]} {[%emt 00:00:01]} 58. b5 {[%clk 00:00:27]} Qa1+ {[%clk
00:00:36]} {[%emt 00:00:02]} 59. Kb7 {[%clk 00:00:32]} {[%emt 00:00:01]} Ne4
{[%clk 00:00:39]} 60. b6 {[%clk 00:00:36]} {[%emt 00:00:01]} Qb2 {[%clk
00:00:42]} {[%emt 00:00:02]} 61. Ka7 {[%clk 00:00:38]} {[%emt 00:00:02]} Nc5
{[%clk 00:00:45]} {[%emt 00:00:03]} 0-1